书目信息 |
| 题名: |
中国历史地理概述
|
|
| 作者: | 邹逸麟, 编著 | |
| 分册: | ||
| 出版信息: | 福州 福建人民出版社 1999 |
|
| 页数: | 244页 | |
| 开本: | 21cm | |
| 丛书名: | 大学历史丛书 | |
| 单 册: | ||
| 中图分类: | K901.9 | |
| 科图分类: | ||
| 主题词: | 历史地理--li shi di li--中国 | |
| 电子资源: | ||
| ISBN: | 7-211-01993-X | |
| 000 | 00772nam0 2200265 45 | |
| 001 | CAL 012000583498 | |
| 005 | 20031219104059.3 | |
| 010 | @a7-211-01993-X@dCNY13.00 | |
| 100 | @a19990901d1999 em y0chiy0121 ea | |
| 101 | 0 | @achi |
| 102 | @aCN@b350000 | |
| 105 | @abk a 000yd | |
| 106 | @ar | |
| 200 | 1 | @a中国历史地理概述@Azhong guo li shi di li gai shu@f邹逸麟编著 |
| 205 | @a第2版 | |
| 210 | @a福州@c福建人民出版社@d1999 | |
| 215 | @a244页@c地图@d21cm | |
| 225 | 2 | @a大学历史丛书@Ada xue li shi cong shu |
| 320 | @a有书目 (第240-241页) | |
| 410 | 0 | @12001 @a大学历史丛书 |
| 606 | 0 | @a历史地理@Ali shi di li@y中国 |
| 690 | @aK901.9@v4 | |
| 701 | 0 | @a邹逸麟,@Azou yi lin@f1935- @4编著 |
| 801 | @aCN@bTSTC@c20021028 | |
| 905 | @b316526-530@dK901.9@f5@e92 | |
| 中国历史地理概述/邹逸麟编著.-第2版.-福州:福建人民出版社,1999 |
| 244页:地图;21cm.-(大学历史丛书) |
| ISBN 7-211-01993-X:CNY13.00 |
| ● |
| 相关链接 |
|
|
|
|
正题名:中国历史地理概述
索取号:K901.9/92
 
预约/预借
| 序号 | 登录号 | 条形码 | 馆藏地/架位号 | 状态 | 备注 |
| 1 | 0316526 | 203165261 | 第二借阅区/ [索取号:K901.9/92] | 在馆 | |
| 2 | 0316527 | 203165270 | 第二借阅区/ [索取号:K901.9/92] | 在馆 | |
| 3 | 0316528 | 203165289 | 第二借阅区/ [索取号:K901.9/92] | 在馆 | |
| 4 | 0316529 | 203165298 | 第二借阅区/ [索取号:K901.9/92] | 在馆 | |
| 5 | 0316530 | 203165305 | 第二样本阅览室/ [索取号:K901.9/92] | 在馆 |